<?xml version="1.0" encoding="UTF-8"?>
<record
    xmlns:xsi="http://www.w3.org/2001/XMLSchema-instance"
    xsi:schemaLocation="http://www.loc.gov/MARC21/slim http://www.loc.gov/standards/marcxml/schema/MARC21slim.xsd"
    xmlns="http://www.loc.gov/MARC21/slim">

  <leader>00926nam a22002657a 4500</leader>
  <controlfield tag="005">20260515063926.0</controlfield>
  <controlfield tag="008">170124b1999    ag ||||| |||| 00| 0 spa d</controlfield>
  <datafield tag="020" ind1=" " ind2=" ">
    <subfield code="a">9879368002</subfield>
  </datafield>
  <datafield tag="040" ind1=" " ind2=" ">
    <subfield code="a">AR-MoUNM</subfield>
  </datafield>
  <datafield tag="082" ind1="0" ind2=" ">
    <subfield code="2">20</subfield>
    <subfield code="a">301</subfield>
    <subfield code="b">CHOM 548</subfield>
  </datafield>
  <datafield tag="100" ind1="1" ind2=" ">
    <subfield code="9">3929</subfield>
    <subfield code="a">Chomsky, Noam.</subfield>
  </datafield>
  <datafield tag="245" ind1="1" ind2="3">
    <subfield code="a">La sociedad global : </subfield>
    <subfield code="b">educaci&#xF3;n, mercado y democracia /</subfield>
    <subfield code="c">Noam Chomsky ; Heinz Dieterich ; pr&#xF3;logo, Atilio Boron.</subfield>
  </datafield>
  <datafield tag="260" ind1=" " ind2=" ">
    <subfield code="a">Buenos Aires : </subfield>
    <subfield code="b">Editorial 21 , </subfield>
    <subfield code="c">1999.</subfield>
  </datafield>
  <datafield tag="300" ind1=" " ind2=" ">
    <subfield code="a">196 p. :</subfield>
    <subfield code="b">tablas ; </subfield>
    <subfield code="c">21 cm.</subfield>
  </datafield>
  <datafield tag="490" ind1="0" ind2=" ">
    <subfield code="a">(Colecci&#xF3;n Pol&#xED;tica )</subfield>
  </datafield>
  <datafield tag="650" ind1=" " ind2="7">
    <subfield code="2">unescot</subfield>
    <subfield code="9">974</subfield>
    <subfield code="a">GLOBALIZACION</subfield>
  </datafield>
  <datafield tag="650" ind1=" " ind2="7">
    <subfield code="2">unescot</subfield>
    <subfield code="9">400</subfield>
    <subfield code="a">CAMBIO SOCIAL</subfield>
  </datafield>
  <datafield tag="650" ind1=" " ind2="7">
    <subfield code="2">unescot</subfield>
    <subfield code="9">1252</subfield>
    <subfield code="a">SOCIOLOGIA CULTURAL</subfield>
  </datafield>
  <datafield tag="650" ind1=" " ind2="7">
    <subfield code="2">unescot</subfield>
    <subfield code="9">1644</subfield>
    <subfield code="a">COMPORTAMIENTO ECONOMICO</subfield>
  </datafield>
  <datafield tag="650" ind1=" " ind2="7">
    <subfield code="2">unescot</subfield>
    <subfield code="a">EDUCACION</subfield>
    <subfield code="9">319</subfield>
  </datafield>
  <datafield tag="650" ind1=" " ind2="7">
    <subfield code="2">unescot</subfield>
    <subfield code="9">466</subfield>
    <subfield code="a">SOCIOLOGIA ECONOMICA</subfield>
  </datafield>
  <datafield tag="650" ind1=" " ind2="7">
    <subfield code="a">SOCIOLOGIA</subfield>
    <subfield code="2">unescot</subfield>
    <subfield code="9">29</subfield>
  </datafield>
  <datafield tag="700" ind1="1" ind2=" ">
    <subfield code="9">3757</subfield>
    <subfield code="a">Dieterich, Heinz,</subfield>
    <subfield code="d">1943- </subfield>
  </datafield>
  <datafield tag="942" ind1=" " ind2=" ">
    <subfield code="c">LIBRO</subfield>
  </datafield>
  <datafield tag="999" ind1=" " ind2=" ">
    <subfield code="c">7005</subfield>
    <subfield code="d">7006</subfield>
  </datafield>
  <datafield tag="952" ind1=" " ind2=" ">
    <subfield code="0">0</subfield>
    <subfield code="1">0</subfield>
    <subfield code="4">0</subfield>
    <subfield code="7">0</subfield>
    <subfield code="a">UNM</subfield>
    <subfield code="b">UNM</subfield>
    <subfield code="d">2017-01-24</subfield>
    <subfield code="e">Donaci&#xF3;n Alejandro Fiorito</subfield>
    <subfield code="i">7662</subfield>
    <subfield code="l">1</subfield>
    <subfield code="m">1</subfield>
    <subfield code="o">301 CHOM 548</subfield>
    <subfield code="p">7662</subfield>
    <subfield code="r">2018-11-20 00:00:00</subfield>
    <subfield code="s">2018-11-02</subfield>
    <subfield code="t">Ej. C</subfield>
    <subfield code="w">2017-01-24</subfield>
    <subfield code="y">LIBRO</subfield>
  </datafield>
</record>
